000
00315nam a2200145Ia 4500
008
090124s9999 xx 000 0 und d
082
_b
303589
245
_a
ओढ
250
_a
1
260
_b
महाजन छाया
_c
1997
300
_a
139
630
_a
ओढ
730
_a
ओढ
942
_c
BOOK
999
_c
193226
_d
193226